| 000 | 00410nam a2200121Ia 4500 | ||
|---|---|---|---|
| 008 | 210430s9999 xx 000 0 und d | ||
| 082 | _a671.7 E379 E | ||
| 100 |
_aGlenn O Mallory, Juan B. Hajdu _9128861 |
||
| 245 |
_aElectroless Plating Fundamental and Applications / _cGlenn O Mallory |
||
| 260 |
_aFlorida _bAmerican Electroplaters and Surface Finishers society _c1990 |
||
| 300 | _a539p. | ||
| 942 |
_cBK _2ddc |
||
| 999 |
_c563492 _d563492 |
||